|
|
|
|
| LEADER |
00986nam a22002774a 4500 |
| 001 |
4518 |
| 003 |
BD-DhAAL |
| 005 |
20150302103016.0 |
| 008 |
150302s2001 ii b 001 0 eng |
| 010 |
|
|
|a 00045813
|
| 020 |
|
|
|a 0761995161
|
| 020 |
|
|
|a 076199517X (pbk.)
|
| 040 |
|
|
|a DLC
|c DLC
|d DLC
|d BD-DhAAL
|
| 050 |
0 |
0 |
|a HD58.8
|b .H3645 2001
|
| 082 |
0 |
0 |
|a 658.4/06
|2 21
|
| 100 |
1 |
|
|a Harigopal, K.
|9 8912
|
| 245 |
1 |
0 |
|a Management of organizational change :
|b leveraging transformation /
|c K. Harigopal.
|
| 260 |
|
|
|a New Delhi ;
|a Thousand Oaks, Calif. :
|b Sage Publications,
|c c2001.
|
| 300 |
|
|
|a 341 p. ;
|c 23 cm.
|
| 504 |
|
|
|a Includes bibliographical references (p. [329]-336) and index.
|
| 541 |
|
|
|e 4518
|
| 650 |
|
0 |
|a Organizational change.
|9 8913
|
| 650 |
|
0 |
|a Strategic planning.
|9 8914
|
| 942 |
|
|
|2 ddc
|c BK
|
| 999 |
|
|
|c 33839
|d 33839
|
| 952 |
|
|
|0 0
|1 0
|2 ddc
|4 0
|6 658_406000000000000_HAR
|7 0
|9 52828
|a SCL
|b SCL
|c GEN
|d 2015-03-02
|g 413.00
|l 0
|o 658.406 HAR
|p 3020004518
|r 2015-03-02
|t 1
|w 2015-03-02
|y BK
|